00919nam a22002177a 4500007000300000008004100003082001700044100004800061245012400109260008000233300001800313521006300331650003300394650003300427650001500460653002600475700005000501942001500551999001700566952011800583ta150515b xxu||||| mmmm 00| 0 eng d aTES SAN 2026 aSánchez Cabello, Hernán Leonardo935550 aCausas de la Sobrecarga Laboral Docente de la Escuela María Luisa Sepulveda de la comuna de Quilicura del año 2024. aSantiago:bUniversidad Miguel de Cervantes. Escuela de Trabajo Socialc2026 a68p.; Anexos. aTesis para optar al Grado de Licenciado en Trabajo Social. aSobrecarga de trabajo935551 aCondiciones de trabajo93288 aProfesores aTesisaTrabajo social aPalma Fuentes, MabelqProfesora guía923726 2ddccTESIS c20323d20323 00102ddc40708CGaBCbBCd2026-03-17edonaciónl0oTES SAN 2026 c.1p00025536r2026-03-17w2026-03-17yTESIS